The minority of Henry the Third.
Saved in:
| Main Author: | |
|---|---|
| Format: | Book |
| Language: | English |
| Published: |
Lond. :
Macmillan,
1912.
|
| Subjects: |
| LEADER | 00532nam a22001691 4500 | ||
|---|---|---|---|
| 001 | c000367074 | ||
| 003 | CARM | ||
| 005 | 00000000000000.0 | ||
| 008 | 851211s1912 enk 0 eng d | ||
| 019 | 1 | |a 4169714 | |
| 100 | 1 | |a Norgate, Kate. | |
| 245 | 1 | 4 | |a The minority of Henry the Third. |
| 260 | |a Lond. : |b Macmillan, |c 1912. | ||
| 600 | 0 | 0 | |a Henry |b III, |c King of England, |d 1207-1272. |
| 651 | 0 | |a Great Britain |x History |y Plantagenets, 1154-1399. | |
| 082 | 0 | 4 | |a 942.03 |
| 999 | f | f | |i 80bc0de5-e0ca-5600-84bb-537274904c38 |s a2dc50a1-364e-52a2-a4f2-735923267cf4 |